000 00402nam a2200181Ia 4500
001 2253
005 20260306143828.0
008 260306t2013||||xx |||||||||||||| ||spa||
041 _aESP
082 _a616.8
_bZ42
100 _aZarranz, Juan J.
_eAUT
245 0 _aNeurologĂ­a
260 _c2013
300 _a736 páginas :
_c28 cm.
650 _aGEN
654 _aCPS
942 _cLIB
_dJUS
_fJUS
_2ddc
_n
999 _c2253
_d2253